| 000 | 00329nam a22001337a 4500 | ||
|---|---|---|---|
| 003 | SGT | ||
| 082 |
_a616.995 _bC2000M |
||
| 100 | _aMC GUINNESS, FRANCIS | ||
| 245 | _aCLINICAL IMAGING OF NON- PULMONARY TUBERCULOSIS | ||
| 260 |
_aNEW YORK _bSPEINGER _c2000 |
||
| 300 | _a192 | ||
| 650 | _aPULMONARY MEDICINE | ||
| 942 |
_2ddc _cBK |
||
| 999 |
_c14843 _d14843 |
||